A sophisticate's primer of relativity
Salvato in:
| Autore principale: | |
|---|---|
| Natura: | Libro |
| Lingua: | inglese |
| Pubblicazione: |
Middletown
Wesleyan University Press
1962
|
| Edizione: | 1a. ed |
| Soggetti: | |
| Tags: |
Aggiungi Tag
Nessun Tag, puoi essere il primo ad aggiungerne!!
|
MARC
| LEADER | 00000nam a2200000 a 4500 | ||
|---|---|---|---|
| 001 | UCH3110 | ||
| 003 | CL-VaPUC | ||
| 008 | 090715e19620000US |||||||||||||||||eng|d | ||
| 082 | 0 | 4 | |a 530.11 |b BRI |2 21 |
| 100 | 0 | |a Bridgman, Percy Williams |e author |9 538267 | |
| 245 | 1 | 2 | |a A sophisticate's primer of relativity |
| 250 | |a 1a. ed | ||
| 300 | |a 191 p | ||
| 942 | |c BK | ||
| 945 | |d 20090715 00:00:00 |a rbrito | ||
| 260 | |a Middletown |b Wesleyan University Press |c 1962 | ||
| 650 | 0 | |a Relatividad |9 269977 | |
| 650 | 0 | |a Teoría de la relatividad |9 266149 | |
| 583 | |a last modification |c 20090715 00:00:00 |k Rodrigo Vera | ||
| 999 | |c 334748 |d 334746 | ||
| 952 | |0 0 |1 0 |4 0 |6 530_110000000000000_BRI_1962 |7 0 |8 A |9 423897 |a BIBCUR |b BIBCUR |d 2019-11-22 |i 4543335 |o 530.11 BRI 1962 |p 4543335 |r 2025-04-22 |w 2019-11-22 |y BK |k FIS | ||